NLSUI OPAC header image

Labor standards in international supply chains : (Record no. 112057)

MARC details
000 -LEADER
fixed length control field 00957cam a22002777i 4500
001 - CONTROL NUMBER
control field 18407782
005 - DATE AND TIME OF LATEST TRANSACTION
control field 20260209092553.0
008 - FIXED-LENGTH DATA ELEMENTS--GENERAL INFORMATION
fixed length control field 141216s2015 enka b 001 0 eng d
010 ## - LIBRARY OF CONGRESS CONTROL NUMBER
LC control number 2014959465
020 ## - INTERNATIONAL STANDARD BOOK NUMBER
International Standard Book Number 9781783470365
082 ## - DEWEY DECIMAL CLASSIFICATION NUMBER
Classification number 658.5 BER
100 1# - MAIN ENTRY--PERSONAL NAME
Personal name Berliner, Daniel
245 10 - TITLE STATEMENT
Title Labor standards in international supply chains :
Remainder of title aligning rights and Incentives /
Statement of responsibility, etc. Daniel Berliner et al.
264 #1 - PRODUCTION, PUBLICATION, DISTRIBUTION, MANUFACTURE, AND COPYRIGHT NOTICE
Place of production, publication, distribution, manufacture Cheltenham :
Name of producer, publisher, distributor, manufacturer Edward Elgar Publishing,
Date of production, publication, distribution, manufacture, or copyright notice 2015.
300 ## - PHYSICAL DESCRIPTION
Extent x, 205 p. :
Other physical details ill. ;
Dimensions 25 cm.
650 #0 - SUBJECT ADDED ENTRY--TOPICAL TERM
Topical term or geographic name entry element Business logistics
General subdivision Employees
Form subdivision Cross-cultural studies.
650 #0 - SUBJECT ADDED ENTRY--TOPICAL TERM
Topical term or geographic name entry element Employee rights
Form subdivision Cross-cultural studies.
650 #0 - SUBJECT ADDED ENTRY--TOPICAL TERM
Topical term or geographic name entry element Work environment
Form subdivision Cross-cultural studies.
650 #0 - SUBJECT ADDED ENTRY--TOPICAL TERM
Topical term or geographic name entry element International business enterprises
General subdivision Management.
650 #0 - SUBJECT ADDED ENTRY--TOPICAL TERM
Topical term or geographic name entry element Foreign trade and employment.
700 1# - ADDED ENTRY--PERSONAL NAME
Personal name Greenleaf, Anne Regan
700 1# - ADDED ENTRY--PERSONAL NAME
Personal name Lake, Milli
700 1# - ADDED ENTRY--PERSONAL NAME
Personal name Levi, Margaret
700 1# - ADDED ENTRY--PERSONAL NAME
Personal name Noveck, Jennifer
942 ## - ADDED ENTRY ELEMENTS (KOHA)
Source of classification or shelving scheme Dewey Decimal Classification
Koha item type BOOKs
Holdings
Withdrawn status Lost status Damaged status Not for loan Collection code Home library Current library Shelving location Date acquired Total Checkouts Full call number Barcode Date last seen Price effective from Koha item type
          . . General Stacks 05.11.2018   658.5 BER 35558 05.11.2018 05.11.2018 BOOKs